| 000 | 01075nam a2200229Ia 4500 | ||
|---|---|---|---|
| 001 | L242-14160 | ||
| 003 | IT-CnALBA | ||
| 008 | 170116s9999||||xx |||||||||||||| ||und|| | ||
| 040 |
_aIT-CnALBA _cIT-CnALBA |
||
| 041 | _aITALIANO | ||
| 100 | _aCUTTAZ FRANCOIS, MONS. | ||
| 245 | 0 | _aLO SCOPO DELLA VITA. | |
| 250 | _a1a ed. | ||
| 260 |
_aCINISELLO BALSAMO (MI) _bEDIZIONI PAOLINE _c1963 [1° Ed.: n.d.] |
||
| 300 | _a376 p. (prefazione: 5) | ||
| 500 | _aTRADUZIONE DAL FRANCESE DI B. CHIARABOLLI. FINE DELL'UOMO. FELICITÀ SOPRANNATURALE. INFERNO. PECCATO. PURGATORIO. TENTAZIONI. AMORE DI DIO. GIOIA. TIEPIDEZZA. AMORE E SACRIFICIO. INDICE ANALITICO. | ||
| 501 | _aSocietà San Paolo EM - Piazza San Paolo, 14 - 12051 ALBA (CN) (non commercial uses only) ® Copyright 2017 | ||
| 520 | _aTRADUZIONE DAL FRANCESE DI B. CHIARABOLLI. FINE DELL'UOMO. FELICITÀ SOPRANNATURALE. INFERNO. PECCATO. PURGATORIO. TENTAZIONI. AMORE DI DIO. GIOIA. TIEPIDEZZA. AMORE E SACRIFICIO. INDICE ANALITICO. | ||
| 650 | _aMEDITAZIONI E PREGHIERA | ||
| 942 | _cBK | ||
| 957 | _71 | ||
| 999 |
_a18912 _bNO _g Copie: 1 _c273335 _d273335 |
||